000 01521nam a2200409 i 4500
001 193028
003 ES-MaACL
005 20240707063033.0
007 ta
008 230723t20212021ie ac 000 p eng d
010 _a 2020415312
020 _a9781838092634
_q(paperback)
020 _a1838092633
_q(paperback)
035 _a(OCoLC)on1288427708
035 _a22371995
040 _aIND
_beng
_cIND
_erda
_dDLC
042 _alccopycat
050 0 0 _aPR6062.I314
_bA6 2021
100 1 _aLiddy, John
_9233834
245 1 0 _aArias of consolation /
_cJohn Liddy ; [foreword Eoin Devereux ; drawings: John Shinnors].
264 1 _aLimerick, Ireland :
_bRevival Press,
_c[2021].
264 4 _c©2021
300 _a95 páginas :
_bilustraciones, retratos ;
_c23 cm
336 _atexto
_btxt
_2rdacontent
337 _asin mediación
_bn
_2rdamedia
338 _avolumen
_bnc
_2rdacarrier
500 _aCatalogación provisional. Signatura: N 8552. Depósito J.
655 7 _aPoesías
_2tgfbne
_9176539
700 1 _aDevereux, Eoin
_9233835
700 1 _aShinnors, John,
_d1950-
_9233836
852 _aES-MaACL
_bR 153373
_cDEPOJ
_jN 8552
_gFirmado por el autor y el ilustrador. Ejemplar 19 de una tirada de 50.
_hDonación: Revival Press
_xCartoné
_9200333
942 _n0
_cMONOGRAFIA
999 _c193028
_d193028